000 01392cam a2200325 a 4500
001 14359558
003 OSt
005 20210119105427.0
008 060501s2005 ck ab b 001 0 spa d
020 _a9588093562
020 _a9789588093567
040 _aCOO
_cCO-JMCR
041 0 _aspa
082 0 4 _a338.27282 /
_bH558c
_223
100 1 _aHernández Riveros, Luis Humberto,
_eautor
_912862
245 1 0 _aColombia, petróleo y política :
_bposibles alianzas estratégicas /
_cLuis H. Hernández R.
250 _aPrimera edición
260 _aBogotá :
_bDesde Abajo :
_c2005.
300 _a[176] páginas :
_bilustraciones, mapas a blanco y negro ;
_c18 cm.
440 0 _v2
490 0 _aColección Colombia presente y futuro ;
504 _aIncluye referencias bibliográficas: páginas [153-166].
505 0 _aEntorno internacional -- Situación petrolera colombiana: un momento crucial -- Alianzas estratégicas colombianas: entre el Alba y el Alca
520 _aColombia en la actualidad uno de los puntos mas complejos del holograma crítico por el que va atravesando el mundo en los asuntos petroleros.
650 2 4 _aIndustria y comercio del petróleo
_zColombia.
_912863
650 2 4 _aLa política energética
_zColombia.
_912864
942 _2ddc
_cBK
999 _c7062
_d7062